[Event "?"]
[Site "?"]
[Date "2011.06.03"]
[Round "5.18"]
[White "Sazonovs, Sergejs"]
[Black "Schreiber, Stephan"]
[Result "0-1"]
[WhiteElo "1480"]
[BlackElo "1718"]
[PlyCount "100"]
[EventDate "2011.??.??"]

1. e4 c5 2. Nf3 d6 3. g3 Nf6 4. d3 e6 5. Bg2 Nc6 6. O-O Qc7 7. Nbd2 b5 8. Re1
Bb7 9. c3 Rb8 10. Nf1 Be7 11. a3 O-O 12. Qe2 Rfd8 13. Bd2 h6 14. h4 a6 15. Rad1
Rd7 16. Bc1 Na5 17. Bh3 c4 18. e5 Bxf3 19. Qxf3 dxe5 20. Rxe5 Qxe5 21. Bf4 Qd5
22. Qxd5 Rxd5 23. Bxb8 cxd3 24. Bg2 Rd7 25. Nd2 Bd6 26. Bxd6 Rxd6 27. Ne4 Nxe4
28. Bxe4 Nc4 29. Bxd3 Kf8 30. Bc2 Rxd1+ 31. Bxd1 Nxb2 32. Bc2 Ke7 33. Kf1 Kd6
34. Ke2 Kc5 35. Kd2 Nc4+ 36. Kc1 Nxa3 37. Bh7 f6 38. h5 Nc4 39. Kc2 Nd6 40. Bg8
e5 41. Bh7 Kd5 42. f3 e4 43. f4 Ke6 44. g4 f5 45. g5 hxg5 46. fxg5 Ke5 47. Bg8
f4 48. Kd2 Kf5 49. h6 gxh6 50. gxh6 Kg6 0-1

[Event "?"]
[Site "?"]
[Date "2011.06.03"]
[Round "5.19"]
[White "Muench, Werner"]
[Black "Rausch, Adrian"]
[Result "1/2-1/2"]
[WhiteElo "1884"]
[BlackElo "1469"]
[PlyCount "62"]
[EventDate "2011.??.??"]

1. d4 d5 2. c4 c6 3. Nf3 dxc4 4. g3 Bf5 5. Bg2 Bxb1 6. Rxb1 Qa5+ 7. Bd2 Qxa2 8.
O-O Qb3 9. Qc1 Nd7 10. Ra1 e6 11. Bc3 Ngf6 12. Nd2 Qb6 13. Nxc4 Qc7 14. e4 Be7
15. Ne3 O-O 16. d5 cxd5 17. exd5 exd5 18. Nxd5 Nxd5 19. Bxd5 Nf6 20. Bxf6 Qxc1
21. Raxc1 Bxf6 22. Bxb7 Rab8 23. Rc7 Rfd8 24. b3 Be5 25. Rc5 Bd4 26. Rb5 Bb6
27. Ba6 Rd2 28. Rf5 g6 29. Rf3 Rc2 30. Rd1 f5 31. Bc4+ Kh8 1/2-1/2

[Event "?"]
[Site "?"]
[Date "2011.06.03"]
[Round "5.20"]
[White "Schiller, Anna-Katharina"]
[Black "Ellinger, Harald"]
[Result "1/2-1/2"]
[WhiteElo "1653"]
[BlackElo "1854"]
[PlyCount "57"]
[EventDate "2011.??.??"]

1. e4 c5 2. Nf3 d6 3. d4 cxd4 4. Nxd4 Nf6 5. Nc3 a6 6. Be2 g6 7. Be3 Bg7 8. O-O
O-O 9. f3 b5 10. Qd2 Bb7 11. Nd1 Nbd7 12. Nf2 Ne5 13. b3 Nc6 14. c4 bxc4 15.
Bxc4 Nxd4 16. Bxd4 d5 17. exd5 Nxd5 18. Bxg7 Kxg7 19. Rad1 e6 20. Rfe1 Qb6 21.
Bxd5 Bxd5 22. Qd4+ Qxd4 23. Rxd4 Rfc8 24. Rd2 Rc7 25. Nd3 Rac8 26. Nb4 Bb7 27.
Red1 a5 28. Nd3 Rc2 29. Ne5 1/2-1/2

[Event "?"]
[Site "?"]
[Date "2011.06.03"]
[Round "5.21"]
[White "Tsybulevsky, Jury"]
[Black "Pocrnic, Josip"]
[Result "0-1"]
[WhiteElo "1674"]
[BlackElo "1824"]
[PlyCount "77"]
[EventDate "2011.??.??"]

1. d4 e6 2. c4 d5 3. Nc3 Nf6 4. e3 c6 5. Qc2 Bb4 6. Bd2 O-O 7. Bd3 Re8 8. f4
dxc4 9. Bxc4 Nd5 10. Nf3 Bxc3 11. bxc3 b5 12. Bd3 Nf6 13. e4 h6 14. e5 Nd5 15.
O-O Ne7 16. a4 Bd7 17. axb5 cxb5 18. Rfb1 Qb6 19. c4 Bc6 20. Ba5 Qb7 21. Qe2 a6
22. Rc1 bxc4 23. Bxc4 Nd5 24. Bd2 Qd7 25. Bd3 Rc8 26. Rc2 Ra7 27. Bxa6 Nxa6 28.
Rxa6 Rxa6 29. Qxa6 Bb7 30. Rxc8+ Qxc8 31. Qa2 Qc6 32. Qb2 Nb6 33. Qc3 Qd7 34.
Kf2 Nd5 35. Qc5 Qd8 36. Kg3 Ne7 37. Ba5 Qa8 38. Bd2 Bxf3 39. gxf3 {
Rest unleserlich/unvollstaendig} 0-1

[Event "?"]
[Site "?"]
[Date "2011.06.03"]
[Round "5.22"]
[White "Weigel, Curt"]
[Black "Grüneschild, Hildegard"]
[Result "1/2-1/2"]
[WhiteElo "1810"]
[BlackElo "1645"]
[PlyCount "69"]
[EventDate "2011.??.??"]

1. c4 c5 2. Nc3 Nf6 3. g3 Nc6 4. Bg2 e6 5. e4 d6 6. Nge2 Rb8 7. O-O Be7 8. d4
cxd4 9. Nxd4 a6 10. Nxc6 bxc6 11. Qe2 e5 12. b3 O-O 13. Bb2 a5 14. Rfd1 Bg4 15.
f3 Qb6+ 16. Kh1 Bd7 17. Na4 Qc7 18. Rac1 c5 19. Nc3 Qb7 20. Rb1 Qc8 21. Qd2 Rd8
22. Qc2 Bc6 23. Bc1 h6 24. Bd2 Qc7 25. g4 Nh7 26. Nd5 Bxd5 27. cxd5 Qa7 28. Bf1
Rdc8 29. Qc4 Bd8 30. a4 Qe7 31. Kg2 Qf6 32. Be2 Qg6 33. Kh1 Nf6 34. Rg1 Nh7 35.
Qd3 1/2-1/2

[Event "?"]
[Site "?"]
[Date "2011.06.03"]
[Round "5.23"]
[White "Schreiber, Winfried"]
[Black "Aab, Manfred"]
[Result "1-0"]
[WhiteElo "1646"]
[BlackElo "1809"]
[PlyCount "131"]
[EventDate "2011.??.??"]

1. c4 b5 2. e3 bxc4 3. Bxc4 d5 4. Be2 Nf6 5. b3 g6 6. Bb2 Bg7 7. h3 O-O 8. d3
Bb7 9. f3 Nbd7 10. g4 e5 11. g5 Ne8 12. h4 e4 13. Bxg7 Nxg7 14. dxe4 dxe4 15.
f4 Nb6 16. Nc3 Nf5 17. Rh3 Qe7 18. Qc1 Rad8 19. Bg4 Bc8 20. Bxf5 Bxf5 21. Rh2
Rd3 22. Rc2 Rfd8 23. Kf2 a6 24. Nge2 c5 25. Ng3 Qe6 26. Qe1 c4 27. b4 Nd5 28.
Nxd5 Qxd5 29. Rac1 c3 30. Rxc3 Qxa2+ 31. Kg1 Rd2 32. Nxf5 gxf5 33. Qf1 R8d3 34.
h5 Qb2 35. Rc8+ Rd8 36. Rxd8+ Rxd8 37. Rb1 Qc3 38. Qe1 Qd3 39. Rc1 Rb8 40. h6
Kf8 41. Qc3 Qxc3 42. Rxc3 Rxb4 43. Rc5 Rb5 44. Rc7 Rb8 45. Ra7 Rd8 46. Rxa6 Rd6
47. Ra5 Ke7 48. Rxf5 Rg6 49. Re5+ Re6 50. Rd5 Rg6 51. Kf2 f6 52. gxf6+ Kxf6 53.
Re5 Rxh6 54. Rxe4 Rh1 55. Re5 Ra1 56. Rh5 Kg6 57. Rh3 Ra3 58. Kf3 Rb3 59. Kg4
Rb4 60. Rg3 Ra4 61. Kh4+ Kh6 62. Rg4 Re4 63. Rg3 Ra4 64. Kh3 Re4 65. Kg2 Ra4
66. Kf3 1-0

[Event "?"]
[Site "?"]
[Date "2011.06.03"]
[Round "5.24"]
[White "Ziegler, Michael"]
[Black "Reichardt, Bernd"]
[Result "1-0"]
[WhiteElo "1626"]
[BlackElo "1803"]
[PlyCount "165"]
[EventDate "2011.??.??"]

1. e4 e5 2. Nf3 Nf6 3. d3 d6 4. Nc3 Be7 5. Be2 O-O 6. O-O b6 7. b3 c5 8. Bb2
Nc6 9. Qd2 Bg4 10. Nd1 Bxf3 11. Bxf3 Nd4 12. Be2 Nd7 13. Ne3 Bg5 14. Bd1 f5 15.
f3 Bxe3+ 16. Qxe3 f4 17. Qf2 Qg5 18. c3 Ne6 19. Be2 h5 20. Rad1 Rad8 21. d4 Kh7
22. Bc4 Nc7 23. Qe2 h4 24. Rf2 Qf6 25. Qf1 exd4 26. cxd4 cxd4 27. Rxd4 Ne5 28.
Rd1 Rd7 29. Kh1 Qg5 30. Bd5 Nxd5 31. Rxd5 Rfd8 32. Rfd2 Qe7 33. Qd1 Nf7 34. e5
Re8 35. Qb1+ Kg8 36. Qf5 Nxe5 37. Rxe5 dxe5 38. Rxd7 Qf6 39. Qd3 Kh8 40. Qd2 a5
41. Kg1 Qf5 42. Qd3 Qe6 43. Rd6 Qe7 44. Ba3 Qb7 45. Qb5 Qf7 46. Qxb6 a4 47. Qb5
axb3 48. Qxb3 Qa7+ 49. Rb6 Ra8 50. Bc5 Qxa2 51. Qxa2 Rxa2 52. h3 Ra1+ 53. Kh2
Kh7 54. Be7 Ra8 55. Bxh4 Re8 56. Bg5 Kg8 57. h4 Kf7 58. Kh3 g6 59. Kg4 Rc8 60.
Rf6+ Kg7 61. Re6 Rc2 62. Rxe5 Rxg2+ 63. Kxf4 Rc2 64. Re7+ Kf8 65. Ra7 Re2 66.
Bh6+ Ke8 67. Rg7 Rg2 68. Bg5 Kf8 69. Rxg6 Kf7 70. Kf5 Rf2 71. f4 Rh2 72. Rf6+
Kg7 73. Kg4 Rg2+ 74. Kh5 Rc2 75. f5 Rc5 76. Rg6+ Kh7 77. f6 Rc7 78. Rh6+ Kg8
79. Kg6 Rc6 80. Rh7 Ra6 81. Rc7 Ra8 82. f7+ Kf8 83. Bh6# 1-0

[Event "?"]
[Site "?"]
[Date "2011.06.03"]
[Round "5.25"]
[White "Brunki, Alexander"]
[Black "Bried, Martin"]
[Result "1/2-1/2"]
[WhiteElo "1622"]
[BlackElo "1798"]
[PlyCount "25"]
[EventDate "2011.??.??"]

1. e4 e6 2. d4 d5 3. exd5 exd5 4. Bd3 Bd6 5. Ne2 Ne7 6. Bf4 O-O 7. c3 Bxf4 8.
Nxf4 Ng6 9. Nxg6 hxg6 10. O-O Nd7 11. Nd2 Nf6 12. Qc2 c6 13. Rae1 1/2-1/2

[Event "?"]
[Site "?"]
[Date "2011.06.03"]
[Round "5.26"]
[White "Krebs, Thomas"]
[Black "Hahn, Martin"]
[Result "1-0"]
[WhiteElo "1621"]
[BlackElo "1783"]
[PlyCount "31"]
[EventDate "2011.??.??"]

1. c4 b6 2. d4 Nf6 3. Nf3 Bb7 4. e3 e6 5. Nc3 d5 6. Be2 Bd6 7. cxd5 Nxd5 8. Bd2
O-O 9. O-O Nd7 10. Rc1 Nxc3 11. Bxc3 c5 12. Qa4 Nf6 13. Rfd1 Qe7 14. dxc5 Bxc5
15. Bxf6 gxf6 16. Rd7 1-0

[Event "?"]
[Site "?"]
[Date "2011.06.03"]
[Round "5.27"]
[White "Gorb, Eugeniusz"]
[Black "Sibahn, Mirko"]
[Result "1/2-1/2"]
[WhiteElo "1592"]
[BlackElo "1779"]
[PlyCount "102"]
[EventDate "2011.??.??"]

1. e4 d5 2. exd5 Nf6 3. Nc3 Nxd5 4. Bc4 e6 5. Qf3 c6 6. Nge2 b5 7. Nxd5 exd5 8.
Bb3 Bd6 9. Nc3 Qe7+ 10. Qe3 Qxe3+ 11. dxe3 Be6 12. O-O a5 13. a4 b4 14. Ne2 Na6
15. e4 Nc5 16. Ba2 Nxe4 17. Nd4 Bd7 18. f3 Nc5 19. Re1+ Ne6 20. Nxe6 Bxe6 21.
c3 O-O 22. Be3 bxc3 23. bxc3 Rab8 24. Rab1 Bf5 25. Rb6 Rfc8 26. Bxd5 Bxh2+ 27.
Kxh2 cxd5 28. Rxb8 Rxb8 29. Bb6 Bd7 30. Bxa5 Bxa4 31. Bc7 Rc8 32. Rb1 g5 33.
Rb8 Rxb8 34. Bxb8 Kg7 35. Kg3 Kg6 36. Bc7 h5 37. Bb6 h4+ 38. Kh2 f5 39. g3 Kh5
40. gxh4 Kxh4 41. Kg2 Bd1 42. Bf2+ Kh5 43. Bd4 Kg6 44. Kg3 f4+ 45. Kf2 Kf5 46.
Bh8 Bxf3 47. Kxf3 g4+ 48. Kf2 Ke4 49. Bd4 Kd3 50. Be5 Ke4 51. Bd4 Kd3 1/2-1/2

[Event "?"]
[Site "?"]
[Date "2011.06.03"]
[Round "5.28"]
[White "Tansek, Branko"]
[Black "Tönjes, Jürgen"]
[Result "0-1"]
[WhiteElo "1560"]
[BlackElo "1768"]
[PlyCount "76"]
[EventDate "2011.??.??"]

1. d4 d5 2. Nd2 Nf6 3. Ngf3 Bf5 4. e3 e6 5. a3 Be7 6. c4 c6 7. b4 a6 8. Bb2
Nbd7 9. Rc1 O-O 10. Qb3 Ne4 11. Bd3 Nxd2 12. Nxd2 Bxd3 13. Qxd3 Rc8 14. O-O Nb6
15. Qc2 dxc4 16. Nxc4 Nxc4 17. Qxc4 Qd5 18. Qxd5 exd5 19. f3 f5 20. Rc2 Bd6 21.
g3 Rfe8 22. Kf2 g5 23. f4 gxf4 24. gxf4 Kf7 25. Kf3 Rg8 26. Rg2 Rxg2 27. Kxg2
Rg8+ 28. Kf3 Rg6 29. Kf2 Ke6 30. Rg1 Rxg1 31. Kxg1 Be7 32. Bc3 Kd7 33. Kf1 Kc7
34. Ke2 Kb6 35. Kd3 Kb5 36. Bb2 a5 37. bxa5 Kxa5 38. Kc3 Ka4 0-1

[Event "?"]
[Site "?"]
[Date "2011.06.03"]
[Round "5.29"]
[White "Strauss, Martin"]
[Black "Divkovic, Mario"]
[Result "1-0"]
[WhiteElo "1764"]
[BlackElo "1378"]
[PlyCount "71"]
[EventDate "2011.??.??"]

1. e4 b6 2. Nc3 Bb7 3. d4 e6 4. a3 Be7 5. Nf3 Nf6 6. e5 Nd5 7. Nxd5 Bxd5 8. c4
Bb7 9. Be3 d6 10. Be2 Nd7 11. Qa4 O-O 12. Rd1 Qc8 13. O-O dxe5 14. dxe5 Nc5 15.
Bxc5 Bxc5 16. Rd2 Rd8 17. Rfd1 Rxd2 18. Rxd2 Qe8 19. Qxe8+ Rxe8 20. b4 Bf8 21.
b5 a6 22. Rd7 Rc8 23. Ng5 axb5 24. cxb5 Bxa3 25. Nxf7 Bd5 26. Bg4 c6 27. Nd6
Bxd6 28. Rxd6 cxb5 29. Rxd5 Rc1+ 30. Rd1 Rxd1+ 31. Bxd1 Kf7 32. Bb3 Ke7 33. Kf1
Kd7 34. Ke2 Kc6 35. Bxe6 b4 36. Kd3 1-0

[Event "?"]
[Site "?"]
[Date "2011.06.03"]
[Round "5.31"]
[White "Haro, Niel"]
[Black "Srokovskiy, Andrea"]
[Result "0-1"]
[WhiteElo "1519"]
[BlackElo "1749"]
[PlyCount "128"]
[EventDate "2011.??.??"]

1. d4 e6 2. c4 d5 3. Nf3 Nf6 4. Bg5 Nbd7 5. Nc3 c6 6. e3 Bb4 7. Qc2 Qa5 8. Bd3
Ne4 9. Bxe4 dxe4 10. Nd2 Qxg5 11. Qxe4 O-O 12. O-O-O Bxc3 13. bxc3 Qa5 14. Qc2
e5 15. Nb3 Qa3+ 16. Kb1 Nb6 17. dxe5 Nxc4 18. Rd4 Nxe5 19. Qe4 Re8 20. f4 g6
21. Ra4 Bf5 22. Rxa3 Bxe4+ 23. Ka1 Nc4 24. Ra4 b5 25. Ra6 Bxg2 26. Rg1 Bd5 27.
Nd4 Rxe3 28. Nxc6 Bxc6 29. Rxc6 Rxc3 30. Rc7 Ra3 31. Rd1 Re8 32. Kb1 Re2 33.
Rdd7 Raxa2 34. Rxa7 Rxa7 35. Rxa7 Rxh2 36. Rb7 h5 37. Kc1 h4 38. Kd1 Rf2 39.
Rxb5 Rxf4 40. Ke2 h3 41. Rb3 Rh4 42. Rb1 g5 43. Kf2 Nd2 44. Rd1 Ne4+ 45. Kg1
h2+ 46. Kg2 h1=Q+ 47. Rxh1 Rxh1 48. Kxh1 f5 49. Kg2 Kf7 50. Kf3 g4+ 51. Kg2 f4
52. Kh2 Kf6 53. Kg2 Ke5 54. Kh1 Kd4 55. Kg2 Ke3 56. Kg1 Ke2 57. Kg2 f3+ 58. Kg1
Nd6 59. Kh1 f2 60. Kg2 f1=Q+ 61. Kh2 g3+ 62. Kxg3 Qf5 63. Kg2 Qg4+ 64. Kh2 Kf2
0-1

[Event "?"]
[Site "?"]
[Date "2011.06.03"]
[Round "5.32"]
[White "Kuhn, Magnus"]
[Black "Hamm, Julian"]
[Result "0-1"]
[WhiteElo "1579"]
[BlackElo "1684"]
[PlyCount "64"]
[EventDate "2011.??.??"]

1. e4 e5 2. Nf3 Nf6 3. Nxe5 d6 4. Nf3 Nxe4 5. d4 d5 6. Bd3 Bg4 7. O-O Be7 8.
Re1 f5 9. c4 c6 10. cxd5 cxd5 11. Qa4+ Nc6 12. Ne5 O-O 13. Nxc6 bxc6 14. f3 Bh4
15. Rf1 Bf2+ 16. Rxf2 Nxf2 17. Kxf2 Qh4+ 18. Kg1 Qe1+ 19. Bf1 Qxc1 20. Qa3 Rae8
21. Kf2 Qe1+ 22. Kg1 Re3 23. Qxa7 Bxf3 24. gxf3 Rxf3 25. Qa6 Qf2+ 26. Kh1 Qxf1+
27. Qxf1 Rxf1+ 28. Kg2 Rc1 29. a4 Rb8 30. a5 Rxb2+ 31. Kg3 Rbxb1 32. Ra3 Ra1
0-1

[Event "?"]
[Site "?"]
[Date "2011.06.03"]
[Round "5.33"]
[White "Pudmensky, Stefan"]
[Black "Samietz, Jannick"]
[Result "1-0"]
[WhiteElo "1853"]
[BlackElo "1581"]
[PlyCount "85"]
[EventDate "2011.??.??"]

1. d4 Nf6 2. c4 g6 3. Nc3 Bg7 4. e4 d6 5. Nf3 O-O 6. Be2 Nc6 7. d5 Ne5 8. Nxe5
dxe5 9. O-O e6 10. Bg5 exd5 11. cxd5 a6 12. a4 Bd7 13. b4 Re8 14. Qb3 Bf8 15.
Rfd1 h6 16. Be3 b6 17. f3 Kg7 18. b5 a5 19. Rac1 Bd6 20. Nb1 Qe7 21. Nd2 Rec8
22. Nc4 Qd8 23. Qb2 Qe7 24. Bd2 Ne8 25. f4 f6 26. fxe5 fxe5 27. Bc3 Bc5+ 28.
Kh1 Nd6 29. Bxe5+ Kh7 30. Bd3 Qh4 31. Bf6 Qf2 32. Rd2 Qf4 33. Rf1 Qg4 34. Ne5
Qh5 35. Nxd7 g5 36. e5+ Kg8 37. exd6 cxd6 38. Bd4 Bxd4 39. Qxd4 Ra7 40. Nf6+
Kf8 41. Nxh5+ Ke7 42. Qg7+ Kd8 43. Rf8# 1-0

[Event "?"]
[Site "?"]
[Date "2011.06.03"]
[Round "5.34"]
[White "Pelezki, Jurij"]
[Black "Reichert, Ferdinand"]
[Result "1/2-1/2"]
[WhiteElo "1822"]
[BlackElo "1494"]
[PlyCount "38"]
[EventDate "2011.??.??"]

1. c4 g6 2. d4 Bg7 3. Nf3 d6 4. e4 Nf6 5. Nc3 b6 6. Be2 Bb7 7. d5 O-O 8. Qc2 c6
9. O-O cxd5 10. exd5 Nbd7 11. b3 Nc5 12. Bb2 Rc8 13. Rad1 a6 14. Qb1 Re8 15.
Ng5 h6 16. Nge4 Nfxe4 17. Nxe4 Bxb2 18. Nxc5 bxc5 19. Qxb2 Rc7 1/2-1/2

[Event "?"]
[Site "?"]
[Date "2011.06.03"]
[Round "5.35"]
[White "Wurm, Frank"]
[Black "Aleman, Tilman"]
[Result "0-1"]
[WhiteElo "1614"]
[BlackElo "1629"]
[PlyCount "44"]
[EventDate "2011.??.??"]

1. e4 e6 2. d4 d5 3. e5 c5 4. Be3 Nc6 5. Nf3 Nge7 6. dxc5 Nf5 7. Qd2 d4 8. Bf4
Bxc5 9. Bb5 Bd7 10. c3 O-O 11. O-O a6 12. Ba4 Nxe5 13. Bxe5 Bxa4 14. cxd4 f6
15. dxc5 fxe5 16. Nxe5 Qc7 17. Qc3 Rac8 18. b4 b6 19. Rc1 Rfd8 20. cxb6 Qxe5
21. Qe1 Rxc1 22. Qxc1 Rd1+ 0-1

[Event "?"]
[Site "?"]
[Date "2011.06.03"]
[Round "5.36"]
[White "Piskaykin, Bogdan"]
[Black "Mejerski, Stephan"]
[Result "0-1"]
[WhiteElo "1329"]
[BlackElo "1619"]
[PlyCount "130"]
[EventDate "2011.??.??"]

1. e4 c5 2. Nf3 Nc6 3. d4 d6 4. d5 Ne5 5. Bf4 Nxf3+ 6. Qxf3 Nf6 7. h3 e6 8. Nc3
e5 9. Be3 Be7 10. O-O-O a6 11. g4 Nd7 12. Ne2 b5 13. Ng3 g6 14. Be2 Bg5 15.
Rdf1 Qf6 16. Qg2 Bf4 17. Kb1 Nb6 18. Qf3 Bg5 19. Bxg5 Qxg5 20. h4 Qf4 21. h5
Qxf3 22. Bxf3 Ra7 23. h6 Nd7 24. g5 f6 25. gxf6 Nxf6 26. Bg2 O-O 27. f4 Ng4 28.
Ne2 Ne3 29. Rf2 Nxg2 30. Rxg2 exf4 31. Rf2 Raf7 32. Rhf1 f3 33. Ng1 Bg4 34. Kc1
Bh5 35. Kd2 g5 36. Nh3 g4 37. Rg1 Rf6 38. Ng5 Rxh6 39. Nxf3 Rg6 40. Nh4 Rxf2+
41. Ke3 Rgf6 42. Nf5 R2xf5 43. exf5 Rxf5 44. Ke4 Rf6 45. Kd3 Bg6+ 46. Kd2 h5
47. Re1 Kf7 48. c3 g3 49. Rg1 h4 50. Ke3 Bh5 51. Rg2 Rf3+ 52. Ke2 Rf2+ 53. Ke3
Rxg2 54. c4 Kf6 55. cxb5 axb5 56. b4 cxb4 57. a3 Ke5 58. axb4 Rf2 59. Kd3 Rf3+
60. Kd2 Kd4 61. Kc2 Kc4 62. Kb2 Kxb4 63. Kc2 g2 64. Kd1 g1=Q+ 65. Ke2 Qe3+ 0-1

[Event "?"]
[Site "?"]
[Date "2011.06.03"]
[Round "5.37"]
[White "Steinmassl, Guido"]
[Black "Fischer, Mark"]
[Result "1-0"]
[WhiteElo "1615"]
[BlackElo "1552"]
[PlyCount "129"]
[EventDate "2011.??.??"]

1. d4 Nf6 2. g3 g6 3. Bg2 Bg7 4. e4 d6 5. Ne2 O-O 6. O-O Nc6 7. f4 Bg4 8. c3
Qd7 9. Rf2 e5 10. dxe5 dxe5 11. Qxd7 Nxd7 12. Be3 exf4 13. gxf4 Nb6 14. Bxb6
axb6 15. Ng3 Rfd8 16. Nd2 Rd7 17. e5 Rad8 18. Nde4 Ne7 19. c4 Rd4 20. b3 Nf5
21. Nxf5 Bxf5 22. Nc3 c6 23. Re1 Bf8 24. Ne2 Rd2 25. Kf1 Bd3 26. Bf3 Be7 27.
Kg2 Bc5 28. Ref1 Bxf2 29. Rxf2 Bxe2 30. Bxe2 Rxa2 31. Kf3 Rb2 32. Ke4 Rdd2 33.
Ke3 Kf8 34. h4 Ke7 35. b4 Ke6 36. Bg4+ f5 37. exf6+ Kxf6 38. Rxd2 Rxd2 39. Kxd2
c5 40. b5 h6 41. Bc8 g5 42. fxg5+ hxg5 43. hxg5+ Kxg5 44. Bxb7 Kf6 45. Ke2 Kf5
46. Kf3 Ke5 47. Ke3 Kf5 48. Kf3 Ke5 49. Kg4 Kd4 50. Bd5 Ke5 51. Kg5 Kd6 52. Kf6
Kd7 53. Ke5 Kc7 54. Ke6 Kc8 55. Kd6 Kb8 56. Kd7 Ka7 57. Kc6 Kb8 58. Kxb6 Kc8
59. Kxc5 Kc7 60. b6+ Kb8 61. Kd6 Kc8 62. b7+ Kb8 63. Kd7 Ka7 64. Kc7 Ka6 65.
b8=Q 1-0

[Event "?"]
[Site "?"]
[Date "2011.06.03"]
[Round "5.38"]
[White "Maisch, Johannes"]
[Black "Trobonjaca, Milos"]
[Result "0-1"]
[WhiteElo "1306"]
[BlackElo "1647"]
[PlyCount "98"]
[EventDate "2011.??.??"]

1. e4 d5 2. exd5 Qxd5 3. Nc3 Qe5+ 4. Qe2 Qd6 5. Nf3 Bg4 6. h3 Bh5 7. d3 Nf6 8.
Qe3 e6 9. Be2 Nc6 10. Bd2 a6 11. O-O O-O-O 12. Ne4 Nxe4 13. Qxe4 h6 14. a3 Be7
15. b4 Kb8 16. c4 f5 17. Qf4 Bf6 18. Qxd6 Rxd6 19. Ra2 Rhd8 20. Bf4 R6d7 21. b5
Nd4 22. b6 Kc8 23. bxc7 Re8 24. Nxd4 Bxe2 25. Nxe2 Rxd3 26. Rc1 e5 27. Be3 Kxc7
28. Bc5 Kc6 29. Bb4 g5 30. Rd2 e4 31. Ng3 Red8 32. Rcc2 b6 33. Re2 a5 34. Be1
Rxa3 35. Nxf5 Rd1 36. Rxe4 Bc3 37. Rce2 Raa1 38. Kf1 a4 39. Ne7+ Kb7 40. Nd5
Ba5 41. Re7+ Kc6 42. Nf6 a3 43. R2e6+ Kc5 44. Rc7+ Kd4 45. Re4+ Kd3 46. Re3+
Kc2 47. Rce7 Rxe1+ 48. Rxe1 Rxe1+ 49. Rxe1 Bxe1 0-1

[Event "?"]
[Site "?"]
[Date "2011.06.03"]
[Round "5.39"]
[White "Balija, Cerim"]
[Black "Drapchin, Marc"]
[Result "1/2-1/2"]
[WhiteElo "1532"]
[BlackElo "1820"]
[PlyCount "95"]
[EventDate "2011.??.??"]

1. e4 e6 2. d4 c6 3. Nf3 d5 4. e5 c5 5. c3 Nc6 6. Bb5 Bd7 7. O-O a6 8. Ba4 b5
9. Bc2 cxd4 10. cxd4 Nge7 11. Bg5 h6 12. Bh4 Qb6 13. Nc3 Rc8 14. Rc1 Qa5 15. a3
b4 16. axb4 Nxb4 17. Ba4 Nec6 18. Ra1 Qb6 19. Ne2 Be7 20. Bxe7 Kxe7 21. b3 Rhe8
22. Nc1 Kf8 23. Qd2 Red8 24. h3 Ne7 25. Bxd7 Rxd7 26. Ra4 Rb7 27. Kh2 Nf5 28.
g4 Ne7 29. Ne1 Qb5 30. Kg2 Ng6 31. Rg1 a5 32. Kh2 Rbc7 33. Na2 Nxa2 34. Qxa2
Rc3 35. Rxa5 Qxb3 36. Qxb3 Rxb3 37. Rg3 Rb1 38. Nd3 Rd1 39. Ra3 Rd2 40. Rf3 Nh4
41. Rf4 g5 42. Rf6 Kg7 43. Ra7 Rf8 44. Nc5 Kg8 45. Nd7 Re8 46. Nc5 Rf8 47. Nd7
Re8 48. Nc5 {Rest unvollstaendig / nicht lesbar} 1/2-1/2

[Event "?"]
[Site "?"]
[Date "2011.06.03"]
[Round "5.40"]
[White "Hartmann, Christian"]
[Black "Awiszus, Thomas"]
[Result "1-0"]
[WhiteElo "1500"]
[BlackElo "1613"]
[PlyCount "49"]
[EventDate "2011.??.??"]

1. e4 e6 2. d4 d5 3. Nd2 c5 4. exd5 exd5 5. dxc5 Bxc5 6. Nb3 Bb6 7. Bb5+ Nc6 8.
c3 Nf6 9. Bg5 Bxf2+ 10. Kf1 Bxg1 11. Rxg1 O-O 12. h3 Qd6 13. Bd3 h6 14. Bc1 Kh8
15. Be3 b6 16. Qd2 Ng8 17. Ke2 Ne5 18. Rae1 a5 19. Kd1 Bb7 20. Nd4 Nc4 21. Nf5
Nxe3+ 22. Qxe3 Qd7 23. Qd4 f6 24. Nh4 Ne7 25. Rxe7 1-0

[Event "?"]
[Site "?"]
[Date "2011.06.03"]
[Round "5.41"]
[White "Sigmund, Wolfgang"]
[Black "Giugno, Carmelo"]
[Result "1-0"]
[WhiteElo "1586"]
[BlackElo "1517"]
[PlyCount "89"]
[EventDate "2011.??.??"]

1. d4 Nf6 2. Nf3 g6 3. Bf4 d5 4. e3 Bg4 5. h3 Bxf3 6. Qxf3 Bg7 7. c4 c5 8. Nc3
cxd4 9. exd4 Qa5 10. cxd5 O-O 11. Bc4 Nfd7 12. O-O-O a6 13. Rhe1 b5 14. Bb3 Rc8
15. Kb1 Qb4 16. d6 Nc6 17. Nd5 Qa5 18. dxe7 Nxd4 19. Qd3 b4 20. Nc7 Nc5 21.
Bxf7+ Kxf7 22. Qc4+ Nce6 23. Rxe6 Qf5+ 24. Re4+ Ne6 25. e8=Q+ Rxe8 26. Nxe8
Rxe8 27. g4 Qc5 28. Qxc5 Nxc5 29. Rxe8 Kxe8 30. Bd6 Na4 31. Re1+ Kd8 32. Be5
Bf8 33. Bd4 Kc7 34. b3 Bc5 35. Be5+ Kc6 36. bxa4 Bxf2 37. Rd1 Kc5 38. Kc2 Kc4
39. Rd7 h5 40. Rd6 hxg4 41. hxg4 g5 42. Rxa6 Kd5 43. Bf6 Be3 44. Kd3 Bf4 45.
Bxg5 1-0

[Event "?"]
[Site "?"]
[Date "2011.06.03"]
[Round "5.42"]
[White "Zeitler, Waldemar"]
[Black "Wunder, Anton"]
[Result "1-0"]
[WhiteElo "1585"]
[BlackElo "1423"]
[PlyCount "105"]
[EventDate "2011.??.??"]

1. d4 Nf6 2. Nc3 d5 3. Bf4 Bf5 4. Bg3 Bc8 5. Bf4 Bf5 6. Bc1 Bc8 7. f4 Bf5 8.
Nf3 e6 9. e3 Bb4 10. Bd3 Ne4 11. Bd2 Nxc3 12. bxc3 Bxd3 13. cxd3 Bd6 14. O-O
O-O 15. e4 c5 16. e5 Be7 17. dxc5 Bxc5+ 18. d4 Bb6 19. Bc1 Qc7 20. Bb2 Nd7 21.
Kh1 f6 22. Qd3 f5 23. a4 a6 24. Nd2 Rfe8 25. Ba3 Ba5 26. Rf3 Rac8 27. Bb4 Bxb4
28. cxb4 Nf8 29. h4 Ng6 30. h5 Nf8 31. Rg1 Qf7 32. Rh3 Rc7 33. h6 g6 34. Qg3
Rec8 35. Qg5 Rc2 36. Nf3 R2c4 37. Rb1 R8c7 38. a5 Qe7 39. Qxe7 Rxe7 40. b5 axb5
41. Rxb5 Rc6 42. Ng5 Rc1+ 43. Kh2 Rd1 44. Rhb3 Rxd4 45. g3 Ra4 46. Rxb7 Rxb7
47. Rxb7 Nd7 48. Rxd7 Rxa5 49. Nxe6 Ra2+ 50. Kh1 Rd2 51. Rg7+ Kh8 52. Ng5 d4
53. Nf7# 1-0

[Event "?"]
[Site "?"]
[Date "2011.06.03"]
[Round "5.43"]
[White "Schmidt, Armin"]
[Black "Lin, Jean-Claude"]
[Result "1-0"]
[WhiteElo "1578"]
[BlackElo "1348"]
[PlyCount "54"]
[EventDate "2011.??.??"]

1. e4 Nf6 2. e5 Nd5 3. d4 d6 4. c4 Nb6 5. Nc3 c6 6. h3 g6 7. Nf3 Bg7 8. Bf4 O-O
9. Be2 Re8 10. O-O h6 11. Qd2 g5 12. Bg3 f6 13. exf6 exf6 14. Rfe1 Bf5 15. b3
d5 16. c5 Nc8 17. Bd3 Bxd3 18. Qxd3 Kf7 19. Rxe8 Qxe8 20. Re1 Qf8 21. Qf5 Ne7
22. Qe6+ Kg6 23. Qxe7 Qxe7 24. Rxe7 Na6 25. Rxb7 Re8 26. a3 Ra8 27. b4 Nb8 1-0

[Event "?"]
[Site "?"]
[Date "2011.06.03"]
[Round "5.45"]
[White "Beck, Jens"]
[Black "Issaad, Pascal"]
[Result "0-1"]
[WhiteElo "1379"]
[BlackElo "1540"]
[PlyCount "90"]
[EventDate "2011.??.??"]

1. e4 Nf6 2. Nc3 d5 3. exd5 Nxd5 4. Bc4 Nb6 5. Bb3 Nc6 6. d3 Bf5 7. Nf3 e5 8.
O-O Bd6 9. Re1 O-O 10. Bg5 Qd7 11. a4 Kh8 12. a5 Nc8 13. d4 exd4 14. Nd5 f6 15.
Bd2 Bg4 16. c3 Qf5 17. Qc2 Qxc2 18. Bxc2 Bxf3 19. gxf3 Ne5 20. Kg2 dxc3 21.
Bxc3 Ng6 22. Ra4 c6 23. Ne3 Be5 24. Bxe5 Nxe5 25. Rd4 g6 26. f4 Nf7 27. Rd7
Ncd6 28. Bb3 Rad8 29. Rxd8 Rxd8 30. Rd1 Kg7 31. Bxf7 Nxf7 32. Rxd8 Nxd8 33. Nc4
Kf7 34. Kf3 Ke6 35. Ke4 Nf7 36. b3 Nd6+ 37. Nxd6 Kxd6 38. f5 g5 39. h3 b6 40.
axb6 axb6 41. f4 h6 42. fxg5 hxg5 43. Kd4 c5+ 44. Ke4 b5 45. Kd3 Ke5 0-1

[Event "?"]
[Site "?"]
[Date "2011.06.03"]
[Round "5.46"]
[White "Griesche, Veit"]
[Black "Gampper, Steffen"]
[Result "0-1"]
[WhiteElo "1342"]
[BlackElo "1534"]
[PlyCount "65"]
[EventDate "2011.??.??"]

1. Nf3 Nf6 2. d4 g6 3. c4 c5 4. e3 Bg7 5. Nc3 cxd4 6. exd4 O-O 7. Bd3 d5 8. b3
Nc6 9. a3 Bg4 10. Be3 dxc4 11. Bxc4 Bxf3 12. Qxf3 Nxd4 13. Bxd4 Qxd4 14. Rd1
Qe5+ 15. Be2 Rac8 16. Nb1 Rc2 17. Nd2 b5 18. O-O Bh6 19. Qd3 Ra2 20. Rfe1 Qb2
21. Nf3 Qxa3 22. Qxb5 Ne4 23. Rd4 Nc3 24. Qc4 Nxe2+ 25. Rxe2 Rxe2 26. Qxe2 Qa1+
27. Rd1 Qa3 28. Qd3 Bg7 29. h3 Rb8 30. Rb1 Bb2 31. Nd4 Rd8 32. Qc4 Bxd4 33. Rd1
0-1

[Event "?"]
[Site "?"]
[Date "2011.06.03"]
[Round "5.47"]
[White "Stoll, Katja"]
[Black "Kalwei, Reinhard"]
[Result "1-0"]
[WhiteElo "1564"]
[BlackElo "1531"]
[PlyCount "99"]
[EventDate "2011.??.??"]

1. e4 e5 2. Nf3 Nc6 3. Nc3 Nf6 4. Bb5 a6 5. Ba4 d6 6. d4 Bd7 7. Bg5 Be7 8. a3
O-O 9. dxe5 dxe5 10. O-O h6 11. Bh4 Nh7 12. Bxc6 Bxc6 13. Qxd8 Bxd8 14. Bxd8
Raxd8 15. Nxe5 Bd7 16. Nxd7 Rxd7 17. Rad1 Rfd8 18. Rxd7 Rxd7 19. Rd1 Nf6 20. f3
Kf8 21. Kf2 c6 22. Ke3 Ke7 23. Rxd7+ Nxd7 24. Kd4 f6 25. Na4 Kd6 26. b4 b6 27.
f4 a5 28. c4 axb4 29. axb4 c5+ 30. bxc5+ bxc5+ 31. Ke3 Kc6 32. Kf3 g6 33. Ke3
Kd6 34. Nc3 Nb6 35. Kd3 g5 36. g3 gxf4 37. gxf4 Nd7 38. Nd5 Ke6 39. Kc3 Kd6 40.
Kb3 Kc6 41. Ka4 h5 42. h4 Kd6 43. Kb5 Ke6 44. Kc6 Nf8 45. Ne3 Ng6 46. Ng2 f5
47. exf5+ Kxf5 48. Kxc5 Nxf4 49. Nxf4 Kxf4 50. Kd4 1-0